00411nam a2200121 a 450000500170000000800410001705000180005810000230007624500360009926000370013599900190017295200980019120140414131900.0100916s19uu xx 00 eng d aFICbB35 1995 aBetancourt, Jeanne aPony pals :ba pony in trouble. aNew York :bScholastic ,c1997. c110636d110636 001040aMUbMUcFICd2010-09-16l0oFIC B35 1995pM1094r2014-04-14 00:00:00w2014-04-14yBK